000 00965cam a22002895i 4500
003 EG-ScBUE
005 20250529081745.0
008 170822t2014 enka f b 001 0 eng d
020 _z9781292026565
040 _aEG-ScBUE
_beng
_erda
_cEG-ScBUE
_dEG-ScBUE
082 0 4 _a530.141
_bCHE
_222
100 1 _aCheng, David K.
_q(David Keun),
_d1918-2012,
_eauthor.
245 1 0 _aField and wave electromagnetics /
_cDavid K. Cheng.
250 _aSecond edition.
250 _aPearson new international edition.
264 1 _aHarlow :
_bPearson Education Limited,
_c[2014]
264 4 _cc2014
300 _axvi, 703 pages :
_billustrations ;
_c24 cm
336 _2rdacontent
_atext
_btxt
337 _aunmediated
_2rdamedia
_bn
338 _avolume
_bnc
_2rdacarrier
504 _aIncludes bibliographical references and index.
650 7 _aElectromagnetism.
_2BUEsh
650 7 _aField theory (Physics)
_2BUEsh
_919392
655 _vReading book
942 _2ddc
_cBB
999 _c27390
_d27361